Statistiques concernant Le Guatemala pour les touristes...

Cliquez ici pour prendre le quiz!

Statistiques générales

  • Ce quiz a été pris 6 fois
  • Le résultat moyen est 15 sur 20

Statistiques - réponses

QuestionIndiceRéponses% Correct
Combien d'heures (environ) mettrez-vous pour vous y rendre ? (en chiffres)12
100%
Dans la capitale quel est le décalage horaire avec Paris ? (+ ou - et chiffre) ex - 10- 8
100%
Achats à faire2/ Boisson chaudeCafé
100%
Quelles sont les principaux lieux touristiques ?TCité de {Tikal}
100%
La conduite se fait à droite ou à gauche ?Droite
100%
Quelle est la langue officielle ?Espagnol
100%
Le principal aéroport estGGuatemala
100%
Avez-vous besoin d'un visa ? (oui/non)Non
100%
Quelle est la monnaie ?Quetzal
100%
La vitesse est limitée hors des villes à{100} km/h
83%
Quelles sont les principaux lieux touristiques ?AAntigua
83%
Achats à faire1/ Base du chocolatCacao
83%
Quelles sont les principaux lieux touristiques ?ALac {Atitlan}
83%
Le suffixe internet estgt
67%
Quel est le climat local ?TTropical
67%
La religion majoritaire estCatholicisme
50%
Quelles sont les principaux lieux touristiques ?GLas Fuentes {Georginas}
33%
Achats à faire3/ Tissus...Mayas
17%
Achats à faire4/ Masques deChichiscastenango
0%
Comment se nomme la principale compagnie aérienne localeT A GTransportes Aéreos Guatemaltecos
0%

Distribution des résultats

Percentile par nombre de réponses

% des personnes avec chaque résultat

Votre développement - résultats

Vous n’avez pas pris ce quiz